000 00382nam a22001577a 4500
020 _a9788126420865
082 _aM3
_bBEN/A
100 _aBenyamin
245 _aAkkapporinte irupathu nasrani varshangal/
_cby Benyamin
260 _aKottayam:
_bDC,
_c2016.
300 _a138p.
650 _aNovel Malayalam
650 _aLiterature Malayalam
650 _aLiterature
942 _cBK
999 _c64770
_d64770